| 000 | 00337nam a2200121Ia 4500 | ||
|---|---|---|---|
| 008 | 210430s9999 xx 000 0 und d | ||
| 082 | _a546 C8431 A | ||
| 100 | _aF.Albert Cotton | ||
| 245 |
_aAdvanced in Organic Chemistry _cF.Albert Cotton |
||
| 260 |
_aIslamabad _bNational Book Foundation _c1956 |
||
| 300 | _a1355p | ||
| 942 |
_cBK _2ddc |
||
| 999 |
_c563131 _d563131 |
||